25 skladbiček pro housle a klavír nebo klarinet in B a klavír housle : klarinet /

Hlavní autor: Němec, Ladislav, 1943-
Jazyk: Čeština
Vydáno: Brno: NELA, c1998
Témata:
Fyzický popis: 2 hlasy [14, 14 s.] 30 cm
Hudebniny Hudebniny
Uloženo v:
LEADER 01522ncm a2200325 a 4500
001 000826853
003 CZ BrMZK
005 20071206101317.0
007 qu
008 060922s1998 xr zzned cze d
024 2 |q (kroužková vazba) 
040 |a BOA001  |b cze 
048 |a ka01  |b sa01 
072 7 |a 787  |x Hudba pro strunné a smyčcové nástroje  |2 Konspekt  |9 9 
080 |a 787.1.083  |2 MRF 
080 |a 788.6.083  |2 MRF 
080 |a 78.089.6  |2 MRF 
100 1 |a Němec, Ladislav,  |d 1943-  |7 ola2006357572  |4 cmp 
245 1 0 |a 25 skladbiček pro housle a klavír nebo klarinet in B a klavír  |h [hudebnina] :  |b housle : klarinet /  |c Ladislav Němec 
254 |a Hlasy 
260 |a Brno:  |b NELA,  |c c1998 
300 |a 2 hlasy [14, 14 s.]  |c 30 cm 
505 0 0 |t Dobrá nálada --  |t Sen --  |t Zastaveníčko --  |t Žert --  |t Hra na honěnou --  |t V tanečních --  |t Rozmar --  |t Tarantela --  |t Večerní píseň --  |t Španělský valčík --  |t Do skoku --  |t Barcarola --  |t Mazuraka --  |t Taneček --  |t Veselý valčík --  |t Návrat --  |t Vzpomínání --  |t Valčík --  |t Po slovácku --  |t V zamyšlení --  |t Starý mlýn --  |t Smutek --  |t Largo --  |t Vzdor --  |t Večerní nálada 
650 0 7 |a drobné skladby (housle, klavír)  |7 ph452599  |2 czenas 
650 0 7 |a drobné skladby (klarinet, klavír)  |7 ph452601  |2 czenas 
655 7 |a partitury pro sólový nástroj  |7 fd201979  |2 czenas 
910 |a BOA001  |b Mus4-1169.119 
990 |a MU 
991 |b 200610  |c NOV 
996 6 |b 2610278707  |c Mus4-1169.119  |l MZK  |r Sklad / do 1 hodiny  |n 2  |w 000826853  |u 000010  |a 1  |e BOA001  |j MZK50  |s P